01339nam a2200289 i 4500001001000000003000900010005001700019007000300036008004100039020001500080040003000095082003100125100003500156245006300191250002800254264005900282300005500341336002700396337003400423338002700457490003700484500030900521500008000830504003200910600006700942650004001009000003477DO-SdBNP20230906142117.0ta090709r20042004dr ac 001 0dspa d a9993461628 aDO-SdBNPbspacBNPHUerda 4a923.17293bT866g, 20042221 aGómez, José Miguel,eautor10aTrujillo visto por un psiquiatra /cJosé Miguel Gómez. a2a edición corregida. aSanto Domingo :bBúho,c2004 (reimpresión de 2006) a239 páginas :bilustraciones, retratos ;c23 cm. 2rdacontentatextobtxt 2rdamediaasin mediaciónbnc 2rdacarrieravolumenbn aBiblioteca José Miguel Gómez a"A los que conocieron a Trujillo y no lo entendieron. A los que creyeron conocerlo y lo justificaron. A los que desean conocerlo, sin juzgarlo y sin justificarlo. A las presentes y futuras generaciones para que no copien este modelo de referencia social no sano, y menos, digno de imitar" -- En cubierta. aLa biblioteca posee la reimpresión del 2006 de la 2a. edición del 2004. aBibliografía : p. 233-23914aTrujillo Molina, Rafael Leónidas, d1891-1961xPersonalidad  4aPresidenteszRepública Dominicana